| 000 | 00382cam a2200145ua 4500 | ||
|---|---|---|---|
| 003 | OSt | ||
| 008 | 221111b |||||||| |||| 00| 0 eng d | ||
| 041 | _aeng | ||
| 082 |
_a378.01 _bUSD/ED |
||
| 245 | _aEducational objectives in vocational agriculture | ||
| 250 | _a1 / | ||
| 260 |
_a : _bU S department of health education and welfare , _c1955. |
||
| 300 | _a14 ; . | ||
| 942 | _cBK | ||
| 999 |
_c11774 _d11774 |
||